00382nmm a22001337a 450000500170000000800410001704100140005808200110007210000320008324500860011526000090020165000150021065000230022520170210153545.0150728b xxu||||| |||| 00| 0 spa d aEspañol aMD 206 aCerna Rodríguez, Bernardo aInforme de Práctica Supervisada realizado en el Laboratorio María Auxiliadora c2013 aCOSTA RICA aIMPLANTES DENTALES